1541 1737 1176 1040 1945 1583 1080 1315 1185 1712 1161 1607 1521 1138 1606 1871 1703 1876 1233 1593 1010 1820 1923 1892 1374 1686 1006 1612 1936 1158 1304 1688 1636 1886 1480 1046 1653 1580 1000 1684 1075 1911 1663 1610 1273 1139 1798 1584 1390 1303 1947 1360 1216 1175 1412 1592 1229 1570 1025 1490 1949 1876 1455 1180 1930 1716 1834 1476 1015 1267 1511 1916 1362 1632 1666 1686 1750 1361 1022 1050 1024 1828 1842 1908 1956 1284 1033 1208 1685 1784 1962 1966 1031 1918 1867 1005 1735 1750 1136 BCNSPRNW ULIB Ver.6.0+V

เปลี่ยนเป็นภาษาไทย

Change to English
 แสดงรายละเอียดบรรณานุกรม
  กลับหน้าหลัก

Brief Record : Get Marc (ISO 2709) : E-mail record : QR code < ปิดหน้าต่าง
LEADER : 00000nam 2200000uu 4500
001    13399112026
003     ULIB
008    110627s2553||||th 000 0 tha d
020    9786167083087
090    นว.^bน494ร 2553
100 0  นาวิกา
245 00 ระบำอสูร/^cนาวิกา
250    พิมพ์ครั้งที่ 2
260    กรุงเทพฯ :^bบิวตี้บุ๊ค,^c2553
300    412 หน้า
710 1  บิวตี้บุ๊ค
945    ^p275^l0^i028093
995    ทศพร
999 ^a ใช้งานได้ทุกระบบ
รายการนี้ยังไม่มีแท็ก
คุณยังไม่ได้ล็อกอิน คุณสามารถมีกิจกรรมร่วมกับเว็บไซต์ได้ แต่ต้องล็อกอินก่อน ::
  ล็อกอิน

รายการสื่อสารสนเทศ

ลำดับที่ ประเภท เลขเรียก/บาร์โค้ด สถานที่ สถานะ
- ไม่พบข้อมูล -

BibComment


ยังไม่เคยถูกคอมเมนท์

คอมเมนท์ทรัพยากรรายการนี้
  คอมเมนท์: ระบำอสูร นาวิกา


 Copyright 2026. Bcnsprnw @Library